Pokémon - Les attaques de Némélios - Statistiques

Statistiques générales
  • Ce quiz a été pris 23 fois
  • Le résultat moyen est 12 sur 16
Statistiques - réponses
Niveaux Types Noms des coups % Correct
Niveau 23 Feu Crocs Feu
100%
Départ Niveau 5 Feu Flammèche
100%
Niveau 38 Feu Lance-Flammes
100%
Niveau 42 Ténèbres Mâchouille
100%
Départ Normal Groz'Yeux
90%
Niveau 48 Normal Mégaphone
90%
Niveau 15 Normal Râle Mâle
90%
Niveau 20 Normal Bélier
80%
Niveau 51 Feu Calcination
80%
Départ Normal Charge
80%
Niveau 33 Normal Écho
80%
Départ Niveau 8 Normal Rengorgement
70%
Niveau 11 Normal Coup d'Boule
50%
Niveau 57 Feu Surchauffe
50%
Niveau 28 Normal Effort
20%
Départ Normal Ultralaser
10%
Aucun quiz correspondant
Distribution des résultats
% des personnes avec chaque résultat
Percentile par nombre de réponses
Votre historique - résultats
Vous n’avez pas pris ce quiz